00540nam a2200169 a 450000100100000000500170001000800410002702000150006804000250008308200200010810000380012824500530016626000680021930000210028765000300030865000320033800003484120200930073933.0111020s1974 pr 000 p spa d a8439927959 aDO-SdBNPbspacBNPHU aPR861.44bM433e1 aMatos Paoli, Franciscod1915-200013aEl engaño a los ojos /cFrancisco Matos Paoli. aSan Juan, Puerto Rico :bEdiciones Juan Ponce de León,c1974. a158 p. ;c22 cm. 4aPoesía puertorriqueña 4aLiteratura puertorriqueña